000 00452nam a2200181Ia 4500
001 17366
005 20260306171512.0
008 260306s9999||||xx |||||||||||||| ||und||
041 _aESP
082 _a657.8
_bF43
100 _aFerrer Quea, Alejandro
_eAUT
245 0 _aCuentas de gestión del pcge concordado con las NIIF
260 _c2016
300 _a810 páginas :
_c25 cm.
650 _aGEN
654 _aCCO
942 _cLIB
_dJUS
_fJUS
_2ddc
_n
999 _c17366
_d17366